000 00916cab a2200253 4500
001 ABS49345
008 090401t1993 xxu||||| |||| 00| 0 eng d
035 _a(Sirsi) u70981
041 _aeng
245 _aDefence land
260 _c1993
350 _a0
490 _aCSW - The Property Week
_v44(12) 23 September 1993, 20-23(4)
520 _aGives details of the Defence Lands Service plan to sell off a large proportion of MoD land as part of the `Options for Change` Programme. Map shows British bases earmarked for closure together with US bases due for return to MoD followng US military withdrawal. Facts and figures includes total landholding.
650 _aDEFENCE LANDS SERVICE
650 _aDEFENCE LANDS
650 _aMILITARY CUTBACKS
650 _aMINISTRY OF DEFENCE
650 _aOPTIONS FOR CHANGE
650 _aSURPLUS LAND
690 _aLAND
942 _n0
948 _c04/03/1997
999 _c44721
_d44721